| 000 -LEADER |
| fixed length control field |
00888nam a22002177a 4500 |
| 003 - CONTROL NUMBER IDENTIFIER |
| control field |
OSt |
| 005 - DATE AND TIME OF LATEST TRANSACTION |
| control field |
20200317134555.0 |
| 008 - FIXED-LENGTH DATA ELEMENTS--GENERAL INFORMATION |
| fixed length control field |
200317b ||||| |||| 00| 0 eng d |
| 082 ## - DEWEY DECIMAL CLASSIFICATION NUMBER |
| Classification number |
711.409543 |
| 100 ## - MAIN ENTRY--PERSONAL NAME |
| Personal name |
Vastu-Shilpa Foundation |
| 110 ## - MAIN ENTRY--CORPORATE NAME |
| Corporate name or jurisdiction name as entry element |
Housing and Urban Development Corporation (India |
| 245 ## - TITLE STATEMENT |
| Title |
Aranya, an approach to settlement design: |
| Remainder of title |
Planning and design of low-cost housing project at Indore, India / |
| Statement of responsibility, etc |
Vastu-Shilpa Foundation |
| 260 ## - PUBLICATION, DISTRIBUTION, ETC. (IMPRINT) |
| Place of publication, distribution, etc |
Ahmedabad |
| Name of publisher, distributor, etc |
Vastu-Shilpa Foundation |
| Date of publication, distribution, etc |
c1990 |
| 300 ## - PHYSICAL DESCRIPTION |
| Extent |
xi, 138 p. |
| 650 ## - SUBJECT ADDED ENTRY--TOPICAL TERM |
| Topical term or geographic name as entry element |
Planning and design |
| 650 ## - SUBJECT ADDED ENTRY--TOPICAL TERM |
| Topical term or geographic name as entry element |
settlement design |
| 650 ## - SUBJECT ADDED ENTRY--TOPICAL TERM |
| Topical term or geographic name as entry element |
low-cost housing |
| 650 ## - SUBJECT ADDED ENTRY--TOPICAL TERM |
| Geographic subdivision |
Indore, India |
| 700 ## - ADDED ENTRY--PERSONAL NAME |
| Personal name |
USAID-HUDCO Shelter Design and Analysis Grant Programme, Vastu-Shilpa Foundation for Studies and Research in Environmental Design, USAID/New Delhi, Housing and Urban Development Corporation (India) |
| 942 ## - ADDED ENTRY ELEMENTS (KOHA) |
| Source of classification or shelving scheme |
|